Ungersk charmör på Börsen [fotó]

Elmentve itt :
Bibliográfiai részletek
Dokumentumtípus: Cikk
Megjelent: 1937-12
Kulcsszavak:Szent-Györgyi Albert, Nobel-díj - 1937, Nobel-napok - Stockholm, Utazás - Göteborg, Bankett - december 14., Thekla Cewers - göteborgi Svéd-Magyar Társaság magyar titkára, Svensk-ungerska sállskapet, Matuska Péter - stockholmi magyar követ
Online Access:http://misc.bibl.u-szeged.hu/47399
LEADER 00850nab a2200157 i 4500
001 misc47399
005 20250303123748.0
008 210225s1937 hu o 000 swe d
040 |a SZTE Miscellanea Repozitórium  |b hun 
041 |a swe 
245 0 0 |a Ungersk charmör på Börsen   |h [elektronikus dokumentum] :  |b [fotó] 
260 |c 1937-12 
300 |a Szent-Györgyi Albert Nobel-díja az 1937/38-as sajtóhíradások tükrében : újságkivágat-album, f. 75r. 
561 |a Szent-Györgyi Albert újságkivágat-album 
695 |a Szent-Györgyi Albert, Nobel-díj - 1937, Nobel-napok - Stockholm, Utazás - Göteborg, Bankett - december 14., Thekla Cewers - göteborgi Svéd-Magyar Társaság magyar titkára, Svensk-ungerska sállskapet, Matuska Péter - stockholmi magyar követ 
856 4 0 |u http://misc.bibl.u-szeged.hu/47399/1/075_005.pdf  |z Dokumentum-elérés